A vueltas con los sentidos (Record no. 1806)

MARC details
000 -LEADER
campo de control de longitud fija 00921nam a2200157 4500
008 - DATOS DE LONGITUD FIJA--INFORMACIÓN GENERAL
campo de control de longitud fija 708 V986v
020 ## - NÚMERO INTERNACIONAL ESTÁNDAR DEL LIBRO
Número Internacional Estándar del Libro 8488490070
082 ## - NÚMERO DE LA CLASIFICACIÓN DECIMAL DEWEY
Número de clasificación 708
Número de ítem V986v
110 ## - ENTRADA PRINCIPAL--NOMBRE DE ENTIDAD CORPORATIVA
Nombre de entidad corporativa o nombre de jurisdicción como elemento de entrada Casa de América
9 (RLIN) 7081
245 ## - MENCIÓN DEL TÍTULO
Título A vueltas con los sentidos
260 ## - PUBLICACIÓN, DISTRIBUCIÓN, ETC.
Lugar de publicación, distribución, etc. Casa de América
Nombre del editor, distribuidor, etc. Madrid
Fecha de publicación, distribución, etc. 1999
300 ## - DESCRIPCIÓN FÍSICA
Extensión 118 p.
Otras características físicas il (col)
Dimensiones 27 x 21 cm
505 ## - NOTA DE CONTENIDO CON FORMATO
Título Presentación
Mención de responsabilidad Iñigo Ramírez de Haro
Título A vueltas con los sentidos / Back to the senses
Mención de responsabilidad Estrella de Diego
Título El sueño de los sentidos / The dream of the senses
Mención de responsabilidad Manuel Gutiérrez Estévez
Título Sentir, no sentir, negar la verdad / Feeling, not feeling, denying the truth
Mención de responsabilidad Juan Antonio Ramírez
Título Cartas a Estrella / Letters to Estrella
Mención de responsabilidad Ivo Mesquita
Título Catálogo
-- Biografías
650 ## - PUNTO DE ACCESO ADICIONAL DE MATERIA--TÉRMINO DE MATERIA
Subdivisión general arte contemporáneo
-- arte - exhibiciones
-- catálogo de exhibición
-- Constantino, Nicola
-- Hernández-Diez, José Antonio
-- Jusidman, Yishai
9 (RLIN) 7082
700 ## - ENTRADA AGREGADA--NOMBRE PERSONAL
Nombre de persona de Diego, Estrella (comisaria)
9 (RLIN) 7083
Holdings
Estatus retirado Estado de pérdida Fuente del sistema de clasificación o colocación Estado de daño No para préstamo Biblioteca de origen Biblioteca actual Ubicación en estantería Fecha de adquisición Total de préstamos Signatura topográfica completa Código de barras Visto por última vez Precio de reemplazo Tipo de ítem Koha
    Clasificación Decimal Dewey     Biblioteca LadoV Biblioteca LadoV   04/07/2019   708 V986v 001786 04/07/2019 04/07/2019 Material 01